000 01154nam a2200241Ia 4500
003 Ost
005 20260507075539.0
008 260507s9999||||xx |||||||||||||| ||und||
020 _a9789953486970
040 _cfsecg
041 _aara
082 _a350.87
100 _aالقطب، مروان محي الدين
_eمؤلف
245 0 _aطرق خصخصة المرافق العامة :
_bالامتياز -الشركات المختلطة -BOT-تفويض المرفق العام /
_c مروان محي الدين القطب
260 _aبيروت:
_bمنشورات الحلبي الحقوقية,
_c2009
300 _a543 صفحة؛
_bإيضاحات ؛
_c24 سم
504 _aبيبليوغرافيا: ص ص.527-538
520 _aيضم مفهوم المرفق العام الإقتصادي الصناعي والتجاري، الطرق التقليدية لخصخصة المرافق العامة، الطرق المعاصرة لخصخصة المرافق العامة، تفويض المرفق العام
653 _aالقطاع الخاص
653 _aالقطاع العام
653 _aالمرافق العامة
942 _cكتاب
999 _c44853
_d44853